Sectional anatomy for imaging professionals / (Record no. 363047)
[ view plain ]
| 000 -LEADER | |
|---|---|
| fixed length control field | 00514nam a2200133Ia 4500 |
| 008 - FIXED-LENGTH DATA ELEMENTS--GENERAL INFORMATION | |
| fixed length control field | 200302s9999 xx 000 0 und d |
| 020 ## - INTERNATIONAL STANDARD BOOK NUMBER | |
| International Standard Book Number | 9780323569613 |
| 100 ## - MAIN ENTRY--PERSONAL NAME | |
| Personal name | Kelley, Lorrie L. |
| 245 ## - TITLE STATEMENT | |
| Statement of responsibility, etc | Lorrie L. Kelly, Connie M. Petersen.-- |
| Title | Sectional anatomy for imaging professionals / |
| 260 ## - PUBLICATION, DISTRIBUTION, ETC. (IMPRINT) | |
| Place of publication, distribution, etc | St. Louis, Missouri : |
| Name of publisher, distributor, etc | Elsevier |
| Date of publication, distribution, etc | 2018 |
| 300 ## - PHYSICAL DESCRIPTION | |
| Extent | 217 pages : |
| Other physical details | black and white illustrations; |
| Dimensions | 28 cm |
| 650 ## - SUBJECT ADDED ENTRY--TOPICAL TERM | |
| Topical term or geographic name as entry element | Human anatomy -- Problems, exercises, etc. |
| 650 ## - SUBJECT ADDED ENTRY--TOPICAL TERM | |
| Topical term or geographic name as entry element | Tomography -- Problems, exercises, etc. |
| Withdrawn status | Lost status | Damaged status | Home library | Current library | Shelving location | Date acquired | Total Checkouts | Full call number | Barcode | Date last seen | Price effective from | Koha item type |
|---|---|---|---|---|---|---|---|---|---|---|---|---|
| South SEED-LPDH College Library | South SEED-LPDH College Library | South SEED-LPDH College Section | 03/02/2020 | QM 25 .K29 2018 | SSLC1891 | 03/02/2020 | 03/02/2020 | Books |